Normal view
MARC view
Entry Personal Name
001 - CONTROL NUMBER
- control field: 20877
003 - CONTROL NUMBER IDENTIFIER
- control field: ARRUPE
005 - DATE AND TIME OF LATEST TRANSACTION
- control field: 20151104094756.0
008 - FIXED-LENGTH DATA ELEMENTS
- fixed length control field: 151104|| aca||aabn | a|a d
040 ## - CATALOGING SOURCE
- Original cataloging agency: ARRUPE
- Transcribing agency: ARRUPE
100 ## - HEADING--PERSONAL NAME
- Personal name: Catholic Theological Society of America
- Relator term: joint author
670 ## - SOURCE DATA FOUND
- Source citation: Work cat.: (ARRUPE): Canon Law Society of America 20874, Cooperation between theologians and the ecclesistical magisterium:, 1982